书目信息 |
| 题名: |
石油化工工艺学
|
|
| 作者: | 王尔菲 , 李锐 , 蔡世干 编 | |
| 分册: | ||
| 出版信息: | 北京 中国石化出版社 2012 |
|
| 页数: | 317页 | |
| 开本: | 26cm | |
| 丛书名: | ||
| 单 册: | ||
| 中图分类: | TE65 | |
| 科图分类: | ||
| 主题词: | 石油化工 , 工艺学 , 石油化工--工艺学--中等专业学校--教材 | |
| 电子资源: | ||
| ISBN: | 978-7-80043-342-9 | |
| 000 | 01048nam0 2200289 45 | |
| 001 | 1354531905 | |
| 005 | 20130510093212.03 | |
| 010 | @a978-7-80043-342-9@dCNY43.50 | |
| 100 | @a20130108d2012 em y0chiy50 ea | |
| 101 | 0 | @achi |
| 102 | @aCN@b110000 | |
| 105 | @aa z 000yy | |
| 106 | @ar | |
| 200 | 1 | @a石油化工工艺学@AShi You Hua Gong Gong Yi Xue@f蔡世干,王尔菲,李锐编@FCai Shi Gan, Wang Er Fei, Li Rui Bian |
| 210 | @a北京@c中国石化出版社@d2012 | |
| 215 | @a317页@c图@d26cm | |
| 300 | @a石油化工中等专业学校统编教材 | |
| 330 | @a全书共有十一章,对石油化工原料来源,主要石油化工产品生产原理,工艺条件确定,工艺流程与流程组合原则,石油化工工艺计算,催化剂基本知识以及车间生产管理等作了较为详细的阐述,并在每章之后附有复习思考题。 | |
| 606 | 0 | @a石油化工 |
| 606 | 0 | @a工艺学 |
| 606 | 0 | @a石油化工@x工艺学@x中等专业学校@j教材 |
| 690 | @aTE65@v5 | |
| 701 | 0 | @a王尔菲@AWang Er Fei@4编 |
| 701 | 0 | @a李锐@ALi Rui@4编 |
| 701 | 0 | @a蔡世干@ACai Shi Gan@4编 |
| 801 | @aCN@bTANGWEI@c20130109 | |
| 905 | @b0830652-56@dTE65@e11@f5 | |
| 石油化工工艺学/蔡世干,王尔菲,李锐编.-北京:中国石化出版社,2012 |
| 317页:图;26cm |
| 石油化工中等专业学校统编教材 |
| ISBN 978-7-80043-342-9:CNY43.50 |
| 全书共有十一章,对石油化工原料来源,主要石油化工产品生产原理,工艺条件确定,工艺流程与流程组合原则,石油化工工艺计算,催化剂基本知识以及车间生产管理等作了较为详细的阐述,并在每章之后附有复习思考题。 |
| ● |
| 相关链接 |
|
|
|
|
正题名:石油化工工艺学
索取号:TE65/11
 
预约/预借
| 序号 | 登录号 | 条形码 | 馆藏地/架位号 | 状态 | 备注 |
| 1 | 0830652 | 208306527 | 第二样本阅览室/ [索取号:TE65/11] | 在馆 | |
| 2 | 0830653 | 208306536 | 第三借阅区/ [索取号:TE65/11] | 在馆 | |
| 3 | 0830654 | 208306545 | 密集书库-化学系/ [索取号:TE65/11] | 在馆 | |
| 4 | 0830655 | 208306554 | 第三借阅区/ [索取号:TE65/11] | 在馆 | |
| 5 | 0830656 | 208306563 | 第三借阅区/ [索取号:TE65/11] | 在馆 |